000 00691nam a2200217 i 4500
001 bgj
100 1 _aPHILIPS, Sara.
245 1 0 _aDrama with children /
_cSara Philips.
260 _aOxford ;
_aNew York :
_bOxford University Press,
_c2002.
300 _a151, [7] pp. :
_bdraw. ;
_c28 cm.
490 1 _aResource Books for Teachers
504 _aIncludes bibliographical references p. 149-151 and index.
650 9 _aEnglish language
_xStudy and teaching (elementary)
_xActivity programmes
830 _aResource Books for Teachers
020 _a0194372200
040 _cBPK
041 0 _aeng
920 _a0-19-437220-0
942 _cKS
008 s uk f |000 0 eng
999 _c48363
_d48363
856 _uhttp://koha.tu.koszalin.pl/cgi-bin/koha/opac-detail.pl?biblionumber=48363
_yKatalog online BPK